000 01511nam a2200457 i 4500
001 24987
003 KOSZ 005
005 20200504145232.0
008 980702s1996 pl a f |000 0 pol
015 _aUWD 1996/12296
020 _a837017664X
035 _a991004287309705066
035 _a(PL-WaBN)b11135165-48omnis_nlop
035 _ab11135165
035 _a(OCoLC)69271478
035 _a(PL)b0000001113516
035 _a(EXLNZ-48OMNIS_NETWORK)9910455528205606
040 _aWA N
_cWA N
_dKOSZ 005/EG
080 _a330.101.541
080 _a(075.8)
100 1 _aSzczepaniec, Marek
_d(1964- )
_eAutor
245 1 0 _aMakroekonomia :
_bprzewodnik /
_cMarek Szczepaniec.
260 _aGdańsk :
_bWydaw. Uniwersytetu Gdańskiego,
_c1996.
300 _a142 s. :
_bwykr. ;
_c23 cm.
336 _2rdacontent
_aTekst
_btxt
337 _2rdamedia
_aBez urządzenia pośredniczącego
_bn
338 _2rdacarrier
_aWolumin
_bnc
380 _aKsiążki
380 _aPublikacje dydaktuczne
385 _mPoziom nauczania
_aSzkoły wyższe
388 _a1901-2000
388 _a1989-2000
504 _aBibliogr. s. 141-142.
650 7 _aMakroekonomia
_2DBN
655 7 _aPodręczniki akademickie
_2DBN
658 _aGospodarka, ekonomia, finanse
710 2 _aWydawnictwo Uniwersytetu Gdańskiego
_4pbl
856 4 1 _uhttp://koha.tu.koszalin.pl/cgi-bin/koha/opac-detail.pl?biblionumber=24987
_yKatalog online BPK
942 _2UKD
_cKS
999 _c24987
_d24987